000 00445nam a2200193Ia 4500
008 151119s9999||||xx |||||||||||||| ||und||
082 _a823
082 _bGKKV24778
100 _acohen herb
245 _aYOU CAN NEGOTIATE ANYTHING
260 _a--
260 _b--
260 _c0
600 _acohen herb
630 _aYOU CAN NEGOTIATE ANYTHING
700 _acohen herb
730 _aYOU CAN NEGOTIATE ANYTHING
942 _cBOOK
999 _c1077342
_d1077339